000 00460nam a22001817a 4500
003 MPLRDC
005 20220104173147.0
008 210129b ||||| |||| 00| 0 eng d
020 _a0-85590-530-1
082 _a805.179 BEE
100 _aDEL B, BEELICK
245 _aBUSINESS COMMUNICATION TECHNIQUES
_c
250 _a初版
260 _a
_bAUSTRALIAN BUSINES COMMUNICATION ASSOCIATION
_c1978
300 _b
650 _a
942 _cBK
_o805.179 BEE
999 _c59288
_d59278